000 00824nam a22002177a 4500
999 _c6403
_d6403
003 AR-CdUCM
008 190315b ||||| |||| 00| 0 spa d
040 _aMUNICIPALIDAD PROVINCIAL DEL CUSCO
_cBIBLIOTECA MUNICIPAL DEL CUSCO
082 _a403 /
_bUT95
110 _aUnión Tipográfica Editorial Hispano Americana
_915164
245 _aDiccionario Enciclopédico U.T.E.H.A. /
260 _aMéxico
_bUTEHA,
_c1953.
300 _bIlustraciones, mapas desplegables,
_c23 cm.
505 _aContenido: Tomo 1:A-H, tomo 2: I-Z, tomo3 -Ce-Des, tomo 4:Rob-Ter, tomo 5: Ter-Zyw, tomo 6: His-Llw, tomo 7: M-Ozz, tomo 8:P-Rob /
650 _aDiccionario
_95196
650 _aDiccionario enciclopédico
_918212
650 _aHispano américa
_96123
650 _aEnciclopedia
_918213
942 _2ddc
_cLIBROS
945 _admma